000 02465 a2200229 4500
001 41714
005 20260407155709.0
008 260407a1967 arg spa d
003 AR-UNSa-BCEJYS
040 _aAR-UNSa-BCEJYS
_bspa
_cAR-UNSa-BCEJYS
080 _a339.9
_xEconomía internacional en general. Relaciones económicas internacionales. Economía mundial
245 1 0 _aEconomía Internacional
250 _a6a. ed.
264 1 _aMadrid :
_bAguilar
_c1967
300 _a670 p.
_c22 cm.
505 _aParte I: La balanza de pagos y el mercado de divinas: 1. El estudio de la economía internacional - 2. La balanza de pagos - 3. El mercado de divisas - 4. Elementos del proceso de ajuste - Parte II: La cuenta de renta de la balanza de pagos. Teoría del comercio exterior : 5. La teoría pura del comercio internacional: La oferta - 6. La teoría pura del comercio internacional: La demanda - 7. La base dinámica del comercio: Variaciones en los gustos, en la tecnología y en la dotación de factores - 8. Los costes de tranportes y la teoría de la localización - 9. El mecanismo de los precios en el comercio internacional - 10. Las variaciones de renta y el comercio internacional - 11. Interacciones de la renta y los precios - Parte III: La cuenta de renta en la balanza de pagos: política comercial : 12. Política comercial. Tarifas aduaneras - 13. Contingentes, acuerdos sobre mercancías, comercio de Estado y Guerra económica - 14. La discriminación de precios y los cartels - 15. Control de cambios - 16. Defensa del comercio multilateral libre - Parte IV: La cuenta de capital en la balanza de pagos: 17. Movimientos de capital a corto plazo - 18. El movimiento internacional de capital de capital a largo plazo: El proceso de tranferencia - 19. Obligaciones, préstamos bancarios, préstamos gubernamentales - 20. La inversión directa - 21. Los aspectos internacionales del trabajo - 23. Ayuda economíca intergubernal - Parte VI: Desequilibrio y ajuste de la balanza de pagos : 24. Equilibrio de la balanza de pagos - 25. Perturbaciones cícliclas de equilibrio - 26. Perturbación secular del equilibrio - 27. Desequilibrio estructural - 28. Los medios para alcanzar el equilibrio - 29. El equilibrio económico internacional y la sociedad internacional - Apendice -
041 _aspa
942 _cBK
590 _aniveau_biblio:m niveau_hierar:0
100 1 _aRuiz de Cenzano y Losa, Jesús
700 1 _aKindleberger, Charles P.
999 _c3530
_d3530